[Event "Magistral Ajedrez 2019"]
[Site "Zaragoza"]
[Date "2019.07.19"]
[Round "7.4"]
[White "Chueca Forcen, Alberto"]
[Black "Kovacevic, Slobodan"]
[Result "1-0"]
[WhiteElo "2283"]
[BlackElo "2257"]
[Annotator "NA"]
[PlyCount "114"]
[EventDate "2019.07.15"]
[EventType "swiss"]
[EventCountry "ESP"]
[SourceTitle "playchess.com"]
[Source "ChessBase"]
[SourceQuality "1"]
[TimeControl "5400+30"]

1. d4 {[%emt 0:00:00]} Nf6 {[%emt 0:04:39]} 2. c4 {[%emt 0:01:13]} e6 {[%emt 0:00:26]} 3. Nc3 {[%emt 0:00:03]} c5 {[%emt 0:00:30]} 4. d5 {[%emt 0:00:04]} exd5 {[%emt 0:00:05]} 5. cxd5 {[%emt 0:00:05]} d6 {[%emt 0:00:09]} 6. Nf3 {[%emt 0:00:33]} g6 {[%emt 0:00:24]} 7. Bf4 {[%emt 0:00:45]} a6 {[%emt 0:01:32]} 8. e4 {[%emt 0:01:35]} Bg7 {[%emt 0:03:30]} 9. Qa4+ {[%emt 0:07:46]} Bd7 {[%emt 0:03:18]} 10. Qb3 {[%emt 0:06:23]} Bc8 {[%emt 0:02:14]} 11. a4 {[%emt 0:05:24]} O-O {[%emt 0:01:51]} 12. Bd3 {[%emt 0:00:38]} Nh5 {[%emt 0:03:00]} 13. Bg5 {[%emt 0:01:03]} Bf6 {[%emt 0:03:33]} 14. Bh6 {[%emt 0:00:43]} Re8 {[%emt 0:07:44]} 15. O-O {[%emt 0:03:44]} Nd7 {[%emt 0:03:36]} 16. Be3 {[%emt 0:05:27]} Ne5 {[%emt 0:24:54]} 17. Nxe5 {[%emt 0:02:49]} Bxe5 {[%emt 0:05:27]} 18. f4 {[%emt 0:01:36]} Bg7 {[%emt 0:00:50]} 19. Rae1 {[%emt 0:00:23]} Nf6 {[%emt 0:02:43]} 20. h3 {[%emt 0:05:47]} Nd7 {[%emt 0:01:26]} 21. e5 {[%emt 0:02:40]} dxe5 {[%emt 0:06:55]} 22. f5 {[%emt 0:00:28]} e4 {[%emt 0:04:03]} 23. fxg6 {[%emt 0:29:18]} hxg6 {[%emt 0:01:26]} 24. Bxe4 {[%emt 0:01:59]} Bxc3 {[%emt 0:06:33]} 25. Bxg6 {[%emt 0:00:47]} Bxe1 {[%emt 0:02:31]} 26. Bxf7+ {[%emt 0:04:42]} Kg7 {[%emt 0:02:57]} 27. Qd1 {[%emt 0:05:55]} Nf6 {[%emt 0:01:43]} 28. Bxe8 {[%emt 0:02:13]} Qxe8 {[%emt 0:00:39]} 29. Qxe1 {[%emt 0:00:05]} Qg6 {[%emt 0:00:45]} 30. Rf3 {[%emt 0:03:29]} Ne4 {[%emt 0:00:21]} 31. Bxc5 {[%emt 0:00:26]} Bd7 {[%emt 0:00:44]} 32. Bd4+ {[%emt 0:01:14]} Kg8 {[%emt 0:00:32]} 33. Qh4 {[%emt 0:00:03]} Qh7 {[%emt 0:02:06]} 34. Qxh7+ {[%emt 0:00:08]} Kxh7 {[%emt 0:00:04]} 35. Rf7+ {[%emt 0:00:07]} Kg6 {[%emt 0:00:03]} 36. Rxd7 {[%emt 0:00:18]} b5 {[%emt 0:00:11]} 37. axb5 {[%emt 0:01:32]} axb5 {[%emt 0:00:03]} 38. Rb7 {[%emt 0:00:28]} Ra1+ {[%emt 0:00:08]} 39. Kh2 {[%emt 0:00:08]} Rd1 {[%emt 0:00:02]} 40. Be3 {[%emt 0:01:38]} Rxd5 {[%emt 0:00:03]} 41. b4 {[%emt 0:01:16]} Rd3 {[%emt 0:00:40]} 42. Rb6+ {[%emt 0:00:53]} Kf7 {[%emt 0:00:12]} 43. Bc5 {[%emt 0:01:00]} Nc3 {[%emt 0:00:06]} 44. h4 {[%emt 0:00:13]} Rd5 {[%emt 0:00:20]} 45. Rd6 {[%emt 0:00:42]} Rxd6 {[%emt 0:00:52]} 46. Bxd6 {[%emt 0:00:01]} Ke6 {[%emt 0:00:11]} 47. Bf8 {[%emt 0:00:28]} Kf5 {[%emt 0:00:43]} 48. Kh3 {[%emt 0:00:13]} Ne4 {[%emt 0:00:01]} 49. Bh6 {[%emt 0:01:06]} Nf2+ {[%emt 0:00:09]} 50. Kg3 {[%emt 0:00:14]} Ng4 {[%emt 0:01:02]} 51. Bd2 {[%emt 0:00:27]} Ne5 {[%emt 0:00:23]} 52. Bc3 {[%emt 0:00:07]} Ng6 {[%emt 0:00:49]} 53. h5 {[%emt 0:01:14]} Ne7 {[%emt 0:00:33]} 54. Kf3 {[%emt 0:00:15]} Nd5 {[%emt 0:00:26]} 55. g4+ {[%emt 0:00:06]} Ke6 {[%emt 0:00:12]} 56. h6 {[%emt 0:00:47]} Nxc3 {[%emt 0:00:07]} 57. h7 {[%emt 0:00:06]} Kd5 {Ke4+} 1-0

[Event "Magistral Ajedrez 2019"]
[Site "Zaragoza"]
[Date "2019.07.19"]
[Round "7.5"]
[White "Shome Shiv"]
[Black "Dardha, Daniel"]
[Result "0-1"]
[WhiteElo "2298"]
[BlackElo "2420"]
[Annotator "NA"]
[PlyCount "100"]
[EventDate "2019.07.15"]
[EventType "swiss"]
[EventCountry "ESP"]
[SourceTitle "playchess.com"]
[Source "ChessBase"]
[SourceQuality "1"]
[TimeControl "5400+30"]

1. e4 {[%emt 0:00:00]} c5 {[%emt 0:00:00]} 2. Nf3 {[%emt 0:00:00]} Nc6 {[%emt 0:00:00]} 3. d4 {[%emt 0:00:00]} cxd4 {[%emt 0:00:00]} 4. Nxd4 {[%emt 0:00:06]} e5 {[%emt 0:00:00]} 5. Nb5 {[%emt 0:00:21]} d6 {[%emt 0:00:09]} 6. N1c3 {[%emt 0:01:43]} a6 {[%emt 0:00:07]} 7. Na3 {[%emt 0:00:03]} Be7 {[%emt 0:00:12]} 8. Nd5 {[%emt 0:01:49]} Nf6 {[%emt 0:00:27]} 9. Nxf6+ {[%emt 0:01:00]} Bxf6 {[%emt 0:00:07]} 10. Be2 {[%emt 0:00:58]} O-O {[%emt 0:00:58]} 11. O-O {[%emt 0:00:10]} Be6 {[%emt 0:06:41]} 12. c4 {[%emt 0:09:11]} Bg5 {[%emt 0:00:36]} 13. Nc2 {[%emt 0:02:19]} Bxc1 {[%emt 0:00:30]} 14. Rxc1 {[%emt 0:00:01]} Qh4 {[%emt 0:05:34]} 15. Qd3 {[%emt 0:06:45]} Rfd8 {[%emt 0:02:26]} 16. Rfd1 {[%emt 0:01:59]} Rac8 {[%emt 0:00:31]} 17. b3 {[%emt 0:01:27]} Qg5 {[%emt 0:03:20]} 18. Rd2 {[%emt 0:12:04]} Rd7 {[%emt 0:02:58]} 19. Rcd1 {[%emt 0:00:14]} Rcd8 {[%emt 0:00:30]} 20. b4 {[%emt 0:04:43]} Ne7 {[%emt 0:04:44]} 21. Qa3 {[%emt 0:01:20]} Ng6 {[%emt 0:03:15]} 22. Ne3 {[%emt 0:07:35]} Nf4 {[%emt 0:02:06]} 23. Bf3 {[%emt 0:00:08]} h5 {[%emt 0:02:16]} 24. Kh1 {[%emt 0:07:30]} h4 {[%emt 0:10:16]} 25. g3 {[%emt 0:03:59]} hxg3 {[%emt 0:00:54]} 26. fxg3 {[%emt 0:00:19]} Nh5 {[%emt 0:00:55]} 27. Nd5 {[%emt 0:03:26]} Bxd5 {[%emt 0:02:01]} 28. Rxd5 {[%emt 0:00:14]} Nf6 {[%emt 0:04:11]} 29. R5d3 {[%emt 0:01:47]} Qg6 {[%emt 0:01:58]} 30. Re3 {[%emt 0:06:47]} Ne8 {[%emt 0:00:35]} 31. b5 {[%emt 0:09:26]} Nc7 {[%emt 0:01:24]} 32. Red3 {[%emt 0:01:15]} axb5 {[%emt 0:01:03]} 33. c5 {[%emt 0:00:26]} d5 {[%emt 0:05:27]} 34. Qa7 {[%emt 0:01:42]} f5 {[%emt 0:08:39]} 35. Qb6 {[%emt 0:03:29]} Qf7 {[%emt 0:01:36]} 36. Bg2 {[%emt 0:01:08]} dxe4 {[%emt 0:00:34]} 37. Rd6 {[%emt 0:01:13]} Ne6 {[%emt 0:02:02]} 38. Bf1 {[%emt 0:01:53]} Nd4 {[%emt 0:02:23]} 39. Bxb5 {[%emt 0:00:31]} Rxd6 {[%emt 0:00:41]} 40. cxd6 {[%emt 0:00:01]} Qf6 {[%emt 0:00:25]} 41. Bc4+ {[%emt 0:00:06]} Kh7 {[%emt 0:00:26]} 42. Qxb7 {[%emt 0:00:07]} Rxd6 {[%emt 0:00:55]} 43. a4 {[%emt 0:02:02]} Rc6 {[%emt 0:07:48]} 44. Qb4 {[%emt 0:03:27]} Qh6 {[%emt 0:01:36]} 45. Bf1 {[%emt 0:04:45]} Rc2 {[%emt 0:01:20]} 46. Bg2 {[%emt 0:00:03]} Nf3 {[%emt 0:00:17]} 47. h4 Nxh4 {[%emt 0:00:23]} 48. gxh4 {[%emt 0:00:16]} Qxh4+ {[%emt 0:00:06]} 49. Kg1 {[%emt 0:00:02]} Qf2+ {[%emt 0:00:07]} 50. Kh1 {[%emt 0:00:04]} Qxg2# {[%emt 0:00:08]} 0-1

[Event "Magistral Ajedrez 2019"]
[Site "Zaragoza"]
[Date "2019.07.20"]
[Round "8.1"]
[White "Romero Pallares, Daniel"]
[Black "Dardha, Daniel"]
[Result "1/2-1/2"]
[WhiteElo "2230"]
[BlackElo "2420"]
[Annotator "NA"]
[PlyCount "60"]
[EventDate "2019.07.15"]
[EventType "swiss"]
[EventCountry "ESP"]
[SourceTitle "playchess.com"]
[Source "ChessBase"]
[SourceQuality "1"]
[TimeControl "5400+30"]

1. Nf3 {[%emt 0:00:00]} Nf6 {[%emt 0:00:00]} 2. b3 {[%emt 0:00:24]} g6 {[%emt 0:00:36]} 3. Bb2 {[%emt 0:00:05]} Bg7 {[%emt 0:00:03]} 4. g3 {[%emt 0:00:13]} b6 {[%emt 0:00:38]} 5. Bg2 {[%emt 0:00:15]} Bb7 {[%emt 0:00:06]} 6. O-O {[%emt 0:00:31]} O-O {[%emt 0:00:10]} 7. c4 {[%emt 0:00:52]} c5 {[%emt 0:00:52]} 8. d4 {[%emt 0:01:20]} cxd4 {[%emt 0:00:08]} 9. Nxd4 {[%emt 0:00:20]} Bxg2 {[%emt 0:02:34]} 10. Kxg2 {[%emt 0:00:02]} d5 {[%emt 0:01:21]} 11. cxd5 {[%emt 0:17:26]} Qxd5+ {[%emt 0:01:19]} 12. Nf3 {[%emt 0:01:27]} Nc6 {[%emt 0:00:41]} 13. Qxd5 {[%emt 0:01:19]} Nxd5 {[%emt 0:00:05]} 14. Bxg7 {[%emt 0:00:07]} Kxg7 {[%emt 0:00:05]} 15. Nbd2 {[%emt 0:04:23]} Rac8 {[%emt 0:01:00]} 16. Rac1 {[%emt 0:00:57]} Rfd8 {[%emt 0:00:35]} 17. Nc4 {[%emt 0:04:12]} Nf6 {[%emt 0:02:54]} 18. Rfd1 {[%emt 0:01:20]} Rxd1 {[%emt 0:01:59]} 19. Rxd1 {[%emt 0:00:03]} Kf8 {[%emt 0:00:35]} 20. Kf1 {[%emt 0:06:47]} Rd8 {[%emt 0:01:18]} 21. Rc1 {[%emt 0:05:45]} Nd4 {[%emt 0:02:06]} 22. Nxd4 {[%emt 0:02:14]} Rxd4 {[%emt 0:00:07]} 23. Ke1 {[%emt 0:02:12]} Nd7 {[%emt 0:03:16]} 24. Rd1 {[%emt 0:02:02]} Rxd1+ {[%emt 0:00:09]} 25. Kxd1 {[%emt 0:00:01]} Ke8 {[%emt 0:01:50]} 26. Kc2 {[%emt 0:01:20]} Nb8 {[%emt 0:01:28]} 27. Kc3 {[%emt 0:00:24]} Kd7 {[%emt 0:00:28]} 28. Kb4 {[%emt 0:01:36]} Kc7 {[%emt 0:02:54]} 29. Kc3 {[%emt 0:02:02]} Nc6 {[%emt 0:00:57]} 30. a3 {[%emt 0:01:25]} Kd7 {[%emt 0:01:00]} 1/2-1/2

[Event "Magistral Ajedrez 2019"]
[Site "Zaragoza"]
[Date "2019.07.20"]
[Round "8.2"]
[White "Kovacevic, Slobodan"]
[Black "Shome Shiv"]
[Result "1-0"]
[WhiteElo "2257"]
[BlackElo "2298"]
[Annotator "ChessBase"]
[PlyCount "228"]
[EventDate "2019.07.15"]
[EventType "swiss"]
[EventCountry "ESP"]
[SourceTitle "playchess.com"]
[Source "ChessBase"]
[SourceQuality "1"]
[TimeControl "5400+30"]

1. d4 {[%emt 0:02:40]} d5 {[%emt 0:00:00]} 2. Bf4 {[%emt 0:00:27]} Bf5 {[%emt 0:00:00]} 3. e3 {[%emt 0:01:11]} e6 {[%emt 0:00:16]} 4. c4 {[%emt 0:00:07]} Bxb1 {[%emt 0:00:23]} 5. Qxb1 {[%emt 0:00:36]} Bb4+ {[%emt 0:00:09]} 6. Kd1 {[%emt 0:00:06]} Bd6 {[%emt 0:00:12]} 7. Bg3 {[%emt 0:00:31]} Nf6 {[%emt 0:01:11]} 8. Nf3 {[%emt 0:01:35]} Ne4 {[%emt 0:02:30]} 9. Qc2 {[%emt 0:00:02]} Bxg3 {[%emt 0:06:51]} 10. hxg3 {[%emt 0:01:04]} Nd7 {[%emt 0:00:09]} 11. Bd3 {[%emt 0:01:47]} Ndf6 {[%emt 0:00:13]} 12. Ke2 {[%emt 0:01:08]} c6 {[%emt 0:01:13]} 13. c5 {[%emt 0:13:05]} Qc7 {[%emt 0:06:37]} 14. Ne5 {[%emt 0:05:22]} h6 {[%emt 0:02:15]} 15. Rh3 {[%emt 0:04:09]} Ng5 {[%emt 0:01:56]} 16. Rh4 {[%emt 0:01:05]} Nge4 {[%emt 0:13:44]} 17. g4 {[%emt 0:04:28]} Ke7 {[%emt 0:05:58]} 18. Rc1 {[%emt 0:05:03]} Rhc8 {[%emt 0:03:05]} 19. a3 {[%emt 0:06:05]} Qa5 {[%emt 0:08:56]} 20. f3 {[%emt 0:07:10]} Ng5 {[%emt 0:00:04]} 21. Kf1 {[%emt 0:02:37]} Rab8 {[%emt 0:04:13]} 22. Ra1 {[%emt 0:07:46]} Qc7 {[%emt 0:08:59]} 23. Kg1 {[%emt 0:02:37]} a6 {[%emt 0:08:06]} 24. Rc1 {[%emt 0:03:55]} Qa5 {[%emt 0:01:34]} 25. Kf2 {[%emt 0:15:31]} Rd8 {[%emt 0:09:01]} 26. Rf1 {[%emt 0:04:40]} Ke8 {[%emt 0:01:15]} 27. Kg1 {[%emt 0:01:23]} Ke7 {[%emt 0:01:13]} 28. Rc1 {[%emt 0:00:48]} Rdc8 {[%emt 0:01:13]} 29. Rb1 {[%emt 0:02:17]} Rd8 {[%emt 0:00:59]} 30. Rh1 {[%emt 0:00:15]} Rh8 {[%emt 0:01:42]} 31. Kf2 {[%emt 0:00:11]} Rhd8 {[%emt 0:03:29]} 32. Ra1 {[%emt 0:00:44]} Qc7 {[%emt 0:00:19]} 33. b4 {[%emt 0:00:10]} Ra8 {[%emt 0:02:10]} 34. a4 {[%emt 0:00:09]} Nd7 {[%emt 0:03:19]} 35. Nxd7 {[%emt 0:00:27]} Qxd7 {[%emt 0:00:04]} 36. f4 {[%emt 0:00:11]} Ne4+ {[%emt 0:00:04]} 37. Bxe4 {[%emt 0:00:06]} dxe4 {[%emt 0:00:03]} 38. Qxe4 {[%emt 0:00:16]} Qd5 {[%emt 0:00:12]} 39. Qc2 {[%emt 0:00:59]} f5 {[%emt 0:02:18]} 40. Rh5 {[%emt 0:00:20]} Rf8 {[%emt 0:00:07]} 41. g3 {[%emt 0:01:10]} g6 {[%emt 0:00:45]} 42. Rxh6 {[%emt 0:00:15]} Rh8 {[%emt 0:00:05]} 43. g5 {[%emt 0:02:12]} Rxh6 {[%emt 0:00:20]} 44. gxh6 {[%emt 0:00:01]} Rh8 {[%emt 0:00:02]} 45. Qa2 {[%emt 0:00:15]} Rxh6 {[%emt 0:01:23]} 46. Qxd5 exd5 {[%emt 0:00:01]} 47. Kg2 {[%emt 0:00:27]} Rh8 {[%emt 0:00:42]} 48. b5 {[%emt 0:00:05]} Kd7 {[%emt 0:01:21]} 49. bxc6+ {[%emt 0:00:46]} bxc6 {[%emt 0:00:09]} 50. Rb1 {[%emt 0:00:05]} Kc7 {[%emt 0:00:25]} 51. Rb6 {[%emt 0:00:26]} a5 {[%emt 0:00:14]} 52. Rb1 {[%emt 0:00:27]} Re8 {[%emt 0:01:50]} 53. Re1 {[%emt 0:00:17]} Kd7 {[%emt 0:00:59]} 54. Kf3 {[%emt 0:00:15]} Rh8 {[%emt 0:00:15]} 55. Kg2 {[%emt 0:00:22]} Re8 {[%emt 0:00:03]} 56. g4 {[%emt 0:00:42]} Rh8 {[%emt 0:01:01]} 57. Kg3 {[%emt 0:00:18]} Rh7 {[%emt 0:01:23]} 58. Rb1 {[%emt 0:00:47]} Kc7 {[%emt 0:00:41]} 59. Rb2 {[%emt 0:00:34]} Re7 {[%emt 0:00:50]} 60. Re2 {[%emt 0:00:09]} Rh7 {[%emt 0:00:51]} 61. Rg2 {[%emt 0:00:09]} Kd7 {[%emt 0:00:31]} 62. gxf5 {[%emt 0:00:59]} gxf5 {[%emt 0:00:04]} 63. Kf3 {[%emt 0:00:33]} Rh3+ {[%emt 0:00:49]} 64. Ke2 {[%emt 0:00:09]} Rh7 {[%emt 0:00:03]} 65. Kd3 {[%emt 0:00:26]} Rf7 {[%emt 0:00:55]} 66. Rg8 {[%emt 0:00:40]} Kc7 {[%emt 0:00:08]} 67. Ke2 {[%emt 0:00:40]} Rh7 {[%emt 0:00:00]} 68. Rg5 {[%emt 0:00:11]} Rf7 {[%emt 0:00:04]} 69. Kf3 {[%emt 0:00:24]} Kd7 {[%emt 0:00:13]} 70. Rg6 {[%emt 0:00:43]} Kc7 {[%emt 0:00:28]} 71. Rg8 {[%emt 0:00:13]} Kb7 {[%emt 0:00:29]} 72. Re8 {[%emt 0:00:23]} Kc7 {[%emt 0:00:04]} 73. Kg3 {[%emt 0:00:22]} Rh7 {[%emt 0:00:48]} 74. Rf8 {[%emt 0:00:18]} Rh5 {[%emt 0:00:04]} 75. Rf7+ {[%emt 0:00:34]} Kc8 {[%emt 0:00:10]} 76. Rg7 {[%emt 0:01:13]} Rh6 {[%emt 0:00:15]} 77. Kg2 {[%emt 0:01:01]} Re6 {[%emt 0:00:52]} 78. Kf2 {[%emt 0:01:18]} Rh6 {[%emt 0:00:23]} 79. Kf3 {[%emt 0:00:44]} Rh3+ {[%emt 0:00:44]} 80. Rg3 {[%emt 0:01:07]} Rh6 {[%emt 0:00:24]} 81. Kg2 {[%emt 0:00:21]} Re6 {[%emt 0:00:47]} 82. Rh3 {[%emt 0:00:09]} Rf6 {[%emt 0:01:26]} 83. Rh7 {[%emt 0:00:35]} Rg6+ {[%emt 0:00:24]} 84. Kf3 {[%emt 0:01:04]} Rf6 {[%emt 0:01:02]} 85. Kg3 {[%emt 0:03:49]} Re6 {[%emt 0:00:13]} 86. Kh4 {[%emt 0:00:24]} Rxe3 {[%emt 0:00:04]} 87. Kg5 {[%emt 0:00:02]} Re4 {[%emt 0:00:05]} 88. Kxf5 {[%emt 0:00:02]} Rxd4 {[%emt 0:00:05]} 89. Ke5 {[%emt 0:00:12]} Re4+ {[%emt 0:01:56]} 90. Kd6 {[%emt 0:00:01]} Rxf4 {[%emt 0:00:01]} 91. Kxc6 {[%emt 0:00:12]} Rf6+ {[%emt 0:00:05]} 92. Kxd5 {[%emt 0:00:05]} Kb8 {[%emt 0:01:34]} 93. Kc4 {[%emt 0:00:07]} Rf4+ {[%emt 0:00:32]} 94. Kb5 {[%emt 0:00:04]} Rb4+ {[%emt 0:00:04]} 95. Kxa5 {[%emt 0:02:01]} Rb1 {[%emt 0:00:04]} 96. Ka6 {[%emt 0:00:44]} Kc8 {[%emt 0:00:07]} 97. Ka5 {[%emt 0:01:39]} Kb8 {[%emt 0:00:37]} 98. Rh4 {[%emt 0:00:22]} Kc7 {[%emt 0:00:13]} 99. Rb4 {[%emt 0:00:04]} Rc1 {[%emt 0:00:44]} 100. Kb5 {[%emt 0:00:15]} Rc2 {[%emt 0:00:23]} 101. a5 {[%emt 0:00:08]} Kb7 {[%emt 0:00:13]} 102. a6+ {[%emt 0:00:13]} Ka7 {[%emt 0:00:02]} 103. Re4 {[%emt 0:00:30]} Rb2+ {[%emt 0:00:11]} 104. Kc6 {[%emt 0:00:11]} Rc2 {[%emt 0:00:03]} 105. Re8 {[%emt 0:00:29]} Rc1 {[%emt 0:00:22]} 106. Re5 {[%emt 0:02:02]} Kxa6 {[%emt 0:01:12]} 107. Kc7 {[%emt 0:00:02]} Rh1 {[%emt 0:00:32]} 108. Re7 {[%emt 0:00:31]} Rh8 {[%emt 0:01:53]} 109. c6 {[%emt 0:00:14]} Ka7 {[%emt 0:00:04]} 110. Rd7 {[%emt 0:00:31]} Rf8 {[%emt 0:00:58]} 111. Rd6 {[%emt 0:01:14]} Rf7+ {[%emt 0:00:44]} 112. Kc8 {[%emt 0:00:11]} Rf8+ {[%emt 0:01:22]} 113. Rd8 {[%emt 0:00:19]} Rf1 {[%emt 0:00:22]} 114. c7 {[%emt 0:00:42]} Rc1 {[%emt 0:00:02]} 1-0

[Event "Magistral Ajedrez 2019"]
[Site "Zaragoza"]
[Date "2019.07.20"]
[Round "8.3"]
[White "Sos Andreu, Eric"]
[Black "Chueca Forcen, Alberto"]
[Result "1-0"]
[WhiteElo "2343"]
[BlackElo "2283"]
[Annotator "NA"]
[PlyCount "167"]
[EventDate "2019.07.15"]
[EventType "swiss"]
[EventCountry "ESP"]
[SourceTitle "playchess.com"]
[Source "ChessBase"]
[SourceQuality "1"]
[TimeControl "5400+30"]

1. c4 {[%emt 0:00:00]} e5 {[%emt 0:00:00]} 2. g3 {[%emt 0:00:00]} Nc6 {[%emt 0:00:00]} 3. Bg2 {[%emt 0:00:00]} g6 {[%emt 0:00:00]} 4. Nc3 {[%emt 0:00:22]} Bg7 {[%emt 0:00:00]} 5. e3 {[%emt 0:00:23]} d6 {[%emt 0:00:09]} 6. Nge2 {[%emt 0:01:33]} f5 {[%emt 0:02:27]} 7. O-O {[%emt 0:02:11]} Nf6 {[%emt 0:00:30]} 8. d3 {[%emt 0:00:17]} O-O {[%emt 0:00:39]} 9. b3 {[%emt 0:00:34]} Ne7 {[%emt 0:06:18]} 10. Ba3 {[%emt 0:07:26]} c6 {[%emt 0:02:53]} 11. Rc1 {[%emt 0:02:27]} Qc7 {[%emt 0:02:51]} 12. Qd2 {[%emt 0:04:04]} Be6 {[%emt 0:08:45]} 13. e4 {[%emt 0:20:13]} Rad8 {[%emt 0:29:06]} 14. Nd5 {[%emt 0:05:45]} Qd7 {[%emt 0:08:46]} 15. Nxf6+ {[%emt 0:06:13]} Bxf6 {[%emt 0:01:16]} 16. d4 {[%emt 0:03:14]} fxe4 {[%emt 0:03:28]} 17. dxe5 {[%emt 0:02:51]} Bxe5 {[%emt 0:00:17]} 18. Bxe4 {[%emt 0:00:36]} Bh3 {[%emt 0:02:07]} 19. Bg2 {[%emt 0:00:37]} Bxg2 {[%emt 0:01:41]} 20. Kxg2 {[%emt 0:00:10]} Rf7 {[%emt 0:03:22]} 21. Rcd1 {[%emt 0:01:39]} d5 {[%emt 0:04:56]} 22. Qe3 {[%emt 0:06:09]} Bg7 {[%emt 0:03:10]} 23. Qxa7 {[%emt 0:05:42]} d4 {[%emt 0:02:29]} 24. Bxe7 {[%emt 0:03:39]} Qxe7 {[%emt 0:02:52]} 25. Nc1 {[%emt 0:06:12]} Qe4+ {[%emt 0:01:12]} 26. Kg1 {[%emt 0:00:55]} h5 {[%emt 0:02:45]} 27. Qa5 {[%emt 0:00:51]} Rdf8 {[%emt 0:00:11]} 28. h4 {[%emt 0:03:09]} Bh6 {[%emt 0:03:34]} 29. Nd3 {[%emt 0:02:59]} Rf3 {[%emt 0:02:05]} 30. Qe5 {[%emt 0:01:32]} Qg4 {[%emt 0:01:33]} 31. Kg2 {[%emt 0:03:09]} Bg7 {[%emt 0:02:21]} 32. Qe1 {[%emt 0:02:21]} Qf5 {[%emt 0:02:19]} 33. Qe2 {[%emt 0:00:58]} Qg4 {[%emt 0:00:31]} 34. Rfe1 {[%emt 0:00:43]} Kh7 {[%emt 0:01:20]} 35. Qe4 {[%emt 0:02:44]} Qxe4 {[%emt 0:00:47]} 36. Rxe4 {[%emt 0:00:04]} R3f5 {[%emt 0:00:15]} 37. Re7 {[%emt 0:00:40]} b5 {[%emt 0:00:12]} 38. cxb5 {[%emt 0:00:22]} cxb5 {[%emt 0:00:02]} 39. Nf4 {[%emt 0:01:37]} R5f7 {[%emt 0:00:03]} 40. Re6 {[%emt 0:01:53]} Ra8 {[%emt 0:00:43]} 41. Re2 {[%emt 0:01:06]} Rfa7 {[%emt 0:00:35]} 42. Rdd2 {[%emt 0:00:11]} Bf6 {[%emt 0:01:40]} 43. Ne6 {[%emt 0:00:49]} Rd7 {[%emt 0:00:46]} 44. Rd3 {[%emt 0:00:13]} Rda7 {[%emt 0:00:19]} 45. Rdd2 {[%emt 0:00:53]} Rd7 {[%emt 0:00:01]} 46. Nc5 {[%emt 0:00:41]} Rd5 {[%emt 0:00:44]} 47. Nd3 {[%emt 0:00:11]} Kg7 {[%emt 0:00:14]} 48. Rc2 {[%emt 0:00:13]} Rd7 {[%emt 0:00:17]} 49. Rc6 {[%emt 0:00:10]} Re7 {[%emt 0:00:37]} 50. Rxe7+ {[%emt 0:01:21]} Bxe7 51. Rc2 {[%emt 0:00:12]} Kf6 {[%emt 0:00:39]} 52. Kf3 {[%emt 0:00:10]} Kf5 {[%emt 0:00:07]} 53. Rc7 {[%emt 0:01:36]} Ke6 {[%emt 0:01:34]} 54. Rc6+ {[%emt 0:01:00]} Bd6 {[%emt 0:00:20]} 55. Rb6 {[%emt 0:01:29]} Rxa2 {[%emt 0:00:43]} 56. Rxb5 {[%emt 0:00:18]} Be7 {[%emt 0:00:47]} 57. Nf4+ {[%emt 0:00:20]} Kf7 {[%emt 0:00:37]} 58. Rb7 {[%emt 0:00:06]} Ke8 {[%emt 0:00:32]} 59. Nxg6 {[%emt 0:00:10]} Bd6 {[%emt 0:00:30]} 60. Rb5 {[%emt 0:00:23]} Rb2 {[%emt 0:00:23]} 61. Rd5 {[%emt 0:00:36]} Rxb3+ {[%emt 0:00:11]} 62. Kg2 {[%emt 0:00:04]} Bb8 {[%emt 0:00:31]} 63. Rxd4 {[%emt 0:00:10]} Rb2 {[%emt 0:00:02]} 64. Re4+ {[%emt 0:00:22]} Kf7 {[%emt 0:00:07]} 65. Nf4 {[%emt 0:00:09]} Ba7 {[%emt 0:00:50]} 66. Re2 {[%emt 0:00:25]} Rb5 {[%emt 0:00:04]} 67. Rd2 {[%emt 0:00:12]} Ra5 {[%emt 0:00:40]} 68. Rd5 {[%emt 0:00:53]} Rxd5 {[%emt 0:01:08]} 69. Nxd5 {[%emt 0:00:05]} Kg6 {[%emt 0:00:05]} 70. Nf4+ {[%emt 0:00:18]} Kh6 {[%emt 0:00:01]} 71. f3 {[%emt 0:00:24]} Bb8 {[%emt 0:00:01]} 72. Ne6 {[%emt 0:00:16]} Kg6 {[%emt 0:00:14]} 73. Nf4+ {[%emt 0:01:21]} Bxf4 {[%emt 0:00:55]} 74. gxf4 {[%emt 0:00:04]} Kf5 {[%emt 0:00:53]} 75. Kg3 {[%emt 0:00:04]} Ke6 {[%emt 0:00:59]} 76. Kf2 {[%emt 0:00:02]} Kf6 {[%emt 0:00:09]} 77. Ke2 {[%emt 0:00:09]} Ke6 {[%emt 0:00:52]} 78. Kd3 {[%emt 0:00:06]} Kd5 {[%emt 0:01:06]} 79. Ke3 {[%emt 0:00:07]} Ke6 {[%emt 0:00:34]} 80. Ke4 {[%emt 0:00:08]} Kf6 {[%emt 0:00:26]} 81. f5 {[%emt 0:00:04]} Kg7 {[%emt 0:00:03]} 82. Ke5 {[%emt 0:00:04]} Kf7 {[%emt 0:00:01]} 83. f6 {[%emt 0:00:14]} Ke8 {[%emt 0:00:30]} 84. Ke4 1-0

[Event "Magistral Ajedrez 2019"]
[Site "Zaragoza"]
[Date "2019.07.20"]
[Round "8.4"]
[White "Llorente Zaro, Alfonso"]
[Black "Randazzo, Adrian"]
[Result "1/2-1/2"]
[WhiteElo "2445"]
[BlackElo "2227"]
[Annotator "TA"]
[PlyCount "62"]
[EventDate "2019.07.15"]
[EventType "swiss"]
[EventCountry "ESP"]
[SourceTitle "playchess.com"]
[Source "ChessBase"]
[SourceQuality "1"]

{[%evp 19,62,0,6,0,0,0,4,0,0,0,2,-10,-4,-4,-3,-7,-10,-7,0,-9,0,0,-1,-3,0,0,0,0,1,1,1,0,0,0,0,0,0,0,0,0,0,0,0,0,1]} 1. e4 e5 2. Nf3 Nf6 3. Nxe5 d6 4. Nf3 Nxe4 5. Qe2 Qe7 6. d3 Nf6 7. Bg5 Qxe2+ 8. Bxe2 Be7 9. Nc3 O-O 10. O-O c6 {The position is equal.} 11. Ne4 {C42: Petroff Defence: 3 Nxe5 and unusual White 3rd moves} Nbd7 12. Nxf6+ Bxf6 13. Bxf6 Nxf6 14. Rfe1 Re8 15. Kf1 $146 ({Predecessor:} 15. h3 Bd7 16. Bf1 Rxe1 17. Rxe1 Re8 18. Rxe8+ Bxe8 {½-½ (38) Karasev,V (2354)-Zhelnin,V (2464) Sochi 2016}) 15... Bd7 16. Nd2 d5 17. Bf3 Kf8 18. Rxe8+ Rxe8 (18... Nxe8 {keeps more tension.} 19. Nb3 Nd6 20. Re1 Re8 21. Nd4 a5) 19. Re1 Rxe1+ 20. Kxe1 $11 {[%mdl 4096] Endgame KBN-KBN} Ke7 21. c3 Kd6 22. d4 Bf5 23. Be2 Ne4 24. Nxe4+ Bxe4 {KB-KB} 25. f3 Bb1 26. a3 h6 27. Kf2 b6 28. Ke3 Bf5 29. Bd1 Bd7 30. Be2 Bf5 31. Bd1 Bd7 {Accuracy: White = 78%, Black = 86%.} 1/2-1/2